Business driven information systems: MIS approach (Record no. 396977)

MARC details
000 -LEADER
fixed length control field 00603 a2200229 4500
005 - DATE & TIME
control field 20260406163151.0
008 - FIXED-LENGTH DATA ELEMENTS--GENERAL INFORMATION
fixed length control field 260406b |||||||| |||| 00| 0 eng d
020 ## - ISBN
International Standard Book Number 9789355328892
Price Rs. 1025.00
040 ## - CATALOGING SOURCE
Original cataloging agency VIVEKANANDA LIBRARY
082 ## - DDC NUMBER
Classification number 658.4038
Book Number B218B(9)
100 ## - MAIN ENTRY--PERSONAL NAME
Personal name Baltzan, Paige
245 ## - TITLE STATEMENT
Title Business driven information systems: MIS approach
250 ## - EDITION STATEMENT
Edition statement 9th
260 ## - PUBLICATION, DISTRIBUTION, ETC. (IMPRINT)
Name of publisher, distributor, etc McGraw Hill
Date of publication, distribution, etc 2025
Place of publication, distribution, etc Chennai
300 ## - PHYSICAL DESCRIPTION
Pages v.
650 ## - Subject
Subject Management
650 ## - Subject
Subject General Management
650 ## - Subject
Subject Information Resources Management
650 ## - Subject
Subject Business
700 ## - Added Entry Personal Name
Added Entry Personal Name Behl, Ramesh
942 ## - ADDED ENTRY ELEMENTS (KOHA)
Koha item type Books
Holdings
Withdrawn status Lost status Source of classification or shelving scheme Damaged status Not for loan Location (home branch) Sublocation or collection (holding branch) Shelving location Date acquired Koha issues (times borrowed) Koha full call number Accession No. Koha date last seen Koha item type
    Dewey Decimal Classification     VIVEKANANDA LIBRARY VIVEKANANDA LIBRARY IMSAR Library 30/03/2026   658.4038 B218B(9) 420976 30/03/2026 Books
    Dewey Decimal Classification     VIVEKANANDA LIBRARY VIVEKANANDA LIBRARY IMSAR Library 30/03/2026   658.4038 B218B(9) 420975 30/03/2026 Books
    Dewey Decimal Classification     VIVEKANANDA LIBRARY VIVEKANANDA LIBRARY IMSAR Library 30/03/2026   658.4038 B218B(9) 420978 30/03/2026 Books
    Dewey Decimal Classification     VIVEKANANDA LIBRARY VIVEKANANDA LIBRARY IMSAR Library 30/03/2026   658.4038 B218B(9) 420974 30/03/2026 Books
    Dewey Decimal Classification     VIVEKANANDA LIBRARY VIVEKANANDA LIBRARY IMSAR Library 30/03/2026   658.4038 B218B(9) 420977 30/03/2026 Books
© Designed and Maintained by Vivekananda Library, MDU Rohtak